| 000 | 00930nkm a2200313 c 4500 | ||
|---|---|---|---|
| 999 |
_c210904 _d210904 |
||
| 003 | BLK | ||
| 005 | 20200429114628.0 | ||
| 008 | 180412b bul rap|r|||| r0| ||bulo| | ||
| 010 | _aKNG00173597000 | ||
| 040 | _aBLK | ||
| 041 |
_aPOL _cDRS |
||
| 080 |
_aЖивопис - Портрети _b75.041.5 _x(438) _z75.041.5(438) |
||
| 139 |
_aPolakow portret wlasny _bП 69 _fР 80 _gП 69 |
||
| 245 | 1 | 0 |
_aPolakow portret wlasny _cред. Marka Rostworowskiego. |
| 257 | _aPOL | ||
| 260 |
_bArkady _c1983 |
||
| 300 |
_a300 p. _bill. _c32 cm |
||
| 380 | _a7 | ||
| 650 | 4 |
_aПортретна живопис _9305805 |
|
| 651 | 4 |
_aПолша _9179388 |
|
| 653 | _aпортрети | ||
| 653 | _aПолша | ||
| 700 | 1 |
_aRostworowskiego, Marka _eред. _922801 |
|
| 852 | _aЦб Гр А ІІ 3147 | ||
| 856 | 4 |
_qpdf _u |
|
| 856 | 4 |
_qpdf _u |
|
| 942 |
_cGRA _n0 _s1 |
||
| 944 |
_aCR _c30.03.2015 _kКамелия_Данева |
||
| 944 |
_aED _c30.03.2015 _kКамелия_Данева |
||
| 999 | _d210904 | ||